| 000 | 00478nam a22001937a 4500 | ||
|---|---|---|---|
| 003 | MPLRDC | ||
| 005 | 20220104161604.0 | ||
| 008 | 210129b ||||| |||| 00| 0 eng d | ||
| 020 | _a7-80671-545-2 | ||
| 082 | _a719.8 MUI | ||
| 100 | _aJOHN MUIR | ||
| 245 |
_a阿拉斯加的冰川 _c胡淼译 |
||
| 250 | _a一版一刷 | ||
| 260 |
_a中国 _b鹭江出版社 _c2006 |
||
| 300 | _b平 | ||
| 490 | _a经典游记译丛 | ||
| 650 | _a世界游记 | ||
| 942 |
_cBK _o719.8 MUI |
||
| 999 |
_c55554 _d55544 |
||